| 000 | 00923nam a2200313 a 4500 | ||
|---|---|---|---|
| 003 | AR-BaBNM | ||
| 005 | 20251128205100.0 | ||
| 008 | 082120s2002 ||||||||||||||000 | spa|| | ||
| 020 | _a950-582-175-1 | ||
| 040 | _cAR-BaBNM | ||
| 100 | 1 | _aCasado, Demetrio | |
| 245 | 0 | 0 | _aEl bienestar social acorralado |
| 260 |
_aBuenos Aires _bHumanitas _c1986 |
||
| 300 |
_a114 p. _bil. |
||
| 490 | 0 | _aEducación hoy mañana | |
| 504 | _aContiene bibliografía en notas a pie de página | ||
| 650 | 4 | _aBIENESTAR SOCIAL | |
| 650 | 4 | _aSERVICIOS SOCIALES | |
| 650 | 4 | _aECONOMIA DEL BIENESTAR SOCIAL | |
| 650 | 4 | _aORGANIZACIONES DE BIENESTAR SOCIAL | |
| 650 | 4 | _aPLANIFICACION DEL BIENESTAR SOCIAL | |
| 650 | 4 | _aPOBREZA | |
| 650 | 4 | _aPROBLEMAS SOCIALES | |
| 653 | _aESTADO DE BIENESTAR | ||
| 700 | 1 |
_aAnder-Egg, Ezequiel _eprologuista |
|
| 800 | 1 |
_aSierra de Villaverde, Sela _edirector |
|
| 942 | _cBK | ||
| 998 | _csilvi | ||
| 999 |
_c9914 _d9914 |
||